00725nam a22002057a 450000500170000001000140001702000230003103500130005403700130006708200110008010000280009124500840011926000550020327000430025830000170030170000230031894200250034199900170036695201360038320100723134227.0 aENG-96779 a8187710470c400.00 aEN-80312 bDBAD/PUB a410.29 aArya, Ravi Prakash9737 aVedic theory of the origin of speech /cby Ravi Prakash Arya [and] Joseph Skulj aHaryanabIndian Foundation for vedic sciencec2008 a1051, sector-1, Rohtak, Haryana, India a179 pc21 cm aSkulj, Joseph9738 2ddccENh410.29mARY c37396d37396 001040718NFICaDBADbDBADd2010-07-23eDBAD/PUBg400.00l0o410.29 ARYpEN-80312r2010-07-23 00:00:00t1v400.00w2010-07-23yEN